000 00529nam a2200205Ia 4500
008 180523s9999 xx 000 0 und d
020 _a981-247-162-6
050 _aMAIN QC 21.2
050 _b.Y68 2004 c.2
100 _aYoung, Hugh D.
245 0 _aUniversity physics with modern physics /
245 0 _cYoung, Hugh D.
250 _a11th Edition
260 _aSingapore :
260 _bPearson Education South Asia,
260 _c2004
300 _a1703 pages :
300 _c26 cm.
500 _aIncludes index.
999 _c357503
_d357503